| 000 | 01204 a2200289 4500 | ||
|---|---|---|---|
| 003 | Nust | ||
| 005 | 20170207154052.0 | ||
| 010 | _a 2008022604 | ||
| 020 | _a0203886976 (ebook) | ||
| 020 | _a0415776848 (hardback : alk. paper) | ||
| 020 | _a9780203886977 (ebook) | ||
| 020 | _a9780415776844 (hardback : alk. paper) | ||
| 035 | _a(OCoLC)ocn213835720 | ||
| 040 | _cNust | ||
| 082 | 0 | 0 | _a338.954 |
| 100 | 1 | _aAlamgir, Jalal, | |
| 245 | 1 | 0 |
_aIndia's open-economy policy : _bglobalism, rivalry, continuity / _cJalal Alamgir. |
| 260 |
_aMilton Park, Abingdon, Oxon : _aNew York, NY : _bRoutledge, _c2009. |
||
| 300 |
_axiv, 176 p. : _bill. ; _c24 cm. |
||
| 490 | 1 |
_aRoutledge contemporary South Asia series ; _v14 |
|
| 505 | 0 | _aExplaining the continuity of openness -- The politics of causes and consequences -- Roots of globalism and rivalry -- Evolution of economic globalism and economic rivalry -- Perception, policy, and persistence. | |
| 650 | 0 |
_aCompetition _zIndia. |
|
| 650 | 0 |
_aGlobalization _zIndia. |
|
| 651 | 0 |
_aIndia _xEconomic policy _y1991- |
|
| 830 | 0 | _aRoutledge contemporary South Asia series ; | |
| 856 | 4 | 1 |
_3Table of contents only _uhttp://www.loc.gov/catdir/toc/ecip0819/2008022604.html |
| 942 |
_2ddc _cBK |
||
| 999 |
_c193150 _d193150 |
||